| 000 | 00472nam a2200205Ia 4500 | ||
|---|---|---|---|
| 008 | 170918s9999 xx 000 0 und d | ||
| 020 | _a9780516243597 | ||
| 050 | _bS675 2003 | ||
| 100 | _aSnyder, Inez | ||
| 245 | _aWax to crayons / | ||
| 245 | _cInez Snyder. | ||
| 260 | _aNew York : | ||
| 260 | _bScholastic, | ||
| 260 | _c2003 | ||
| 300 | _a24 pages : | ||
| 300 | _bcolored illustration ; | ||
| 300 | _c15cm. | ||
| 440 | _aWelcome books. | ||
| 500 | _a290 | ||
| 999 |
_c341015 _d341015 |
||